Responses for show #8195 - Friday, April 3, 2020

Contestants

[<< previous game]

Shanon Delaney, a librarian from Tustin, California

Jeff Jetton, a data analyst and accordion teacher from Nashville, Tennessee

Felicity Flesher, a screenwriter from Studio City, California (whose 1-day cash winnings total $15,200)

[next game >>]

Jeopardy! Round responses

WEST COAST STATE HIGHER ED
THE CODE OF HAMMURABI
WEAPONS OF THE WAR
TV TRANSPORTS
HAVE YOU HEARD?
THE WORD IS LOVE
    $200 17
Puget Sound

Jeff
    $200 16
an eye

Felicity
    $200 22
(Jeff: What is a cannon?)

the Civil War

FelicityJeff
    $200 1
Mediterranean

Felicity
    $200 6
yodeling

Shanon
    $200 11
a torch

Jeff
    $400 23
(Alex: Great player.)

(Megan) Rapinoe

Felicity
    $400 18
teeth

Shanon
    $400 25
(Alex: Less than a minute.)

World War II

Shanon
    $400 2
the Batcycle

Jeff
    $400 7
a foghorn

Shanon
    $400 12
cherish

Felicity
    $600 24
Lewis & Clark

Jeff
    $600 19
a fire

Jeff
    $600 26
World War I

Jeff
    $600 3
Arrested Development

Felicity
    $600 8
the University of Michigan

Triple Stumper
    $600 13
amour

Triple Stumper
    $800 29
Malibu

Felicity
    $800 20
bench

Shanon
    $800 27
the Korean War

Shanon
    $800 4
The Expanse

Triple Stumper
    $800 9
a woodpecker

Jeff
    $800 14
tenderness

Jeff
    $1,300 30
(Felicity: [Sighs] Um... What is... the University of Washington?)

Gonzaga University

Felicity
    $1000 21
(Jeff: Alimony? What is alimony?)
...
(Alex: Aren't you glad we don't live in the day of Hammurabi?)
[Laughter]

child support

JeffShanon
    $1000 28
the Spanish-American War

Shanon
    $1000 5
The A-Team

Jeff
    $1000 10
a theremin

Felicity
    $1000 15
rapture

Jeff

Scores at the first commercial break (after clue 15):

Felicity Jeff Shanon
$2,200 $4,200 $600

Scores at the end of the Jeopardy! Round:

Felicity Jeff Shanon
$2,500 $5,000 $5,000

Double Jeopardy! Round responses

AFRICAN GEOGRAPHY
ATLANTIS
YOU'RE QUITE THE PAIR!
NOBEL LITERARY NOMINEES
SHOOTING THE GODFATHER MOVIES
TIME TO PAY THE "TAB"
    $400 26
Madagascar

Jeff
    $400 21
Plato

Triple Stumper
    $400 16
surf & turf

Jeff
    $400 9
Tolkien

Felicity
    $400 6
Marlon Brando

Shanon
    $400 1
tabulate

Jeff
    $800 27
Rabat

Triple Stumper
    $800 22
Atlas

Felicity
    $800 17
Procter & Gamble

Felicity
    $800 12
Charles de Gaulle

Triple Stumper
    $800 7
Pacino

Felicity
    $800 2
taboo

Shanon
    $700 28
(Jeff: What is Mozambique?)
...
[The end-of-round signal sounds.]

Zimbabwe

Jeff
    $1200 23
Utopia

Jeff
    $1200 18
Bosnia and Herzegovina

Felicity
    $1200 13
Thomas Mann

Triple Stumper
    $1200 8
a Hail Mary

Shanon
    $1200 3
Tabasco

Jeff
    $1600 24
Twenty Thousand Leagues Under the Sea

Jeff
    $1600 19
Sodom & Gomorrah

Shanon
    $2,000 14
Freud and Jung

Jeff
    $1600 10
(James) Caan

Jeff
    $1600 4
tabbouleh

Jeff
    $2000 25
(Alex: One category left, Jeff, and less than a minute in which to do it.)

the Minoan civilization

Triple Stumper
    $2000 20
Rosencrantz and Guildenstern

Felicity
    $2000 15
Luigi Pirandello

Triple Stumper
    $2000 11
Lee Strasberg

Triple Stumper
    $2000 5
tablature

Jeff

Scores at the end of the Double Jeopardy! Round:

Felicity Jeff Shanon
$8,500 $16,700 $9,000

[wagering suggestions for these scores]

Final Jeopardy! Round responses

HISTORIC AMERICANS
FelicityWho is Pulitzer?
$8,500
ShanonWho is Hershel?
$7,000
JeffWho is Hearst
$1,301
Joseph Pulitzer

Final scores:

Felicity Jeff Shanon
$17,000 $15,399 $2,000
2-day champion: $32,200 2nd place: $2,000 3rd place: $1,000

Game dynamics:

Coryat scores:

Felicity Jeff Shanon
$9,800 $17,000 $9,000
14 R,
1 W
(including 1 DD)
20 R
(including 1 DD),
3 W
(including 1 DD)
12 R,
0 W

Combined Coryat: $35,800

The J! Archive is created by fans, for fans. The Jeopardy! game show and all elements thereof, including but not limited to copyright and trademark thereto, are the property of Jeopardy Productions, Inc. and are protected under law. This website is not affiliated with, sponsored by, or operated by Jeopardy Productions, Inc. Join the discussion at JBoard.tv.